000 00962nam a2200229Ia 4500
008 130821s2005 mx gr spa
020 _a9700760707
040 _aCo-BoUCM
_cHenry Ríos (modificó)
_dHenry Ríos (modificó)
_bspa
041 0 0 _aspa
245 0 3 _aLa india literaria
_cantología, prólogo, introducciones históricas, notas y un vocabulario del hinduismo por Teresa E. Rohde
250 _a13a ed
260 _aMéxico D.F. (México)
_bEditorial Porrúa
_c2005
300 _a229 páginas
490 _aSepan Cuentos...
_v207
505 _aMahabarata
_tBagavad gita
_tLos vedas
_tLeyes de manú
_tPoesía
_tTeatro
_tCuentos apólogos y leyendas
650 7 _aLiteratura hindú
_vColecciones de escritos
_918667
650 7 _aLiteratura hindú
_xHistoria y crítica
_918667
650 7 _aLiteratura oriental
_918717
690 _aLiteratura oriental
_918717
942 _cLIBRO
_a18
_e1
_mR737
_2DEWEY
_h891.43
_n0
999 _c61175
_d61175